Most Visited Island Countries - Statistics

General Stats
  • This quiz has been taken 41 times
    28 since last reset
  • The average score is 20 of 23
Answer Stats
Tourists Country % Correct
3.8 New Zealand
100%
16.1 Indonesia
96%
4.2 Cuba
91%
4.1 Cyprus
91%
4.2 Jamaica
91%
1.7 Maldives
91%
3.5 Malta
91%
2 Sri Lanka
91%
2.2 Iceland
87%
10.9 Ireland
87%
31.8 Japan
87%
1.1 Saint Kitts and Nevis
87%
19.1 Singapore
87%
11.8 Taiwan
87%
40.8 United Kingdom
87%
7.5 Dominican Republic
83%
8.2 Philippines
83%
1 Antigua and Barbuda
78%
1.2 Saint Lucia
78%
7.2 The Bahamas
78%
11 Bahrain
74%
1.4 Mauritius
74%
4.4 Brunei
70%
No matching quizzes found
Score Distribution
Percent of People with Each Score
Percentile by Number Answered
Your Score History
You have not taken this quiz since the last reset